Arafat (vol.1, no. 1-5) : (Record no. 95603)
[ view plain ]
| 000 -LEADER | |
|---|---|
| fixed length control field | 00444nam a22001457a 4500 |
| 005 - DATE AND TIME OF LATEST TRANSACTION | |
| control field | 20260310092521.0 |
| 008 - FIXED-LENGTH DATA ELEMENTS--GENERAL INFORMATION | |
| fixed length control field | 170724b xxu||||| |||| 00| 0 eng d |
| 040 ## - CATALOGING SOURCE | |
| Transcribing agency | PK-LaUMT |
| 082 ## - DEWEY DECIMAL CLASSIFICATION NUMBER | |
| Classification number | ZIAC 297.05 |
| Item number | ASA-A |
| 100 ## - MAIN ENTRY--PERSONAL NAME | |
| Personal name | Asad , Muhammad |
| 245 ## - TITLE STATEMENT | |
| Title | Arafat (vol.1, no. 1-5) : |
| Remainder of title | a monthly critique of Muslim thought / |
| Statement of responsibility, etc | by Muhammad Asad |
| 260 ## - PUBLICATION, DISTRIBUTION, ETC. (IMPRINT) | |
| Place of publication, distribution, etc | Dalhousie, Panjab : |
| Name of publisher, distributor, etc | Ripon Printing Press, |
| Date of publication, distribution, etc | 1946 |
| 300 ## - PHYSICAL DESCRIPTION | |
| Extent | 159 p. |
| 942 ## - ADDED ENTRY ELEMENTS (KOHA) | |
| Koha item type | Books |
| Withdrawn status | Lost status | Damaged status | Home library | Current library | Date acquired | Full call number | Barcode | Date last seen | Price effective from | Koha item type |
|---|---|---|---|---|---|---|---|---|---|---|
| UMT Main Campus | UMT Main Campus | 2017-07-24 | ZIAC 297.05 ASA-A | 111192 | 2017-07-24 | 2017-07-24 | Books |
